| 000 | 00473nmm a2200157Ia 4500 | ||
|---|---|---|---|
| 008 | 251105s9999||||xx |||||||||||||||||und|| | ||
| 020 | _a9788494873270 | ||
| 041 | _aspa | ||
| 100 | _aMikael C. L. | ||
| 245 | 0 | _aEl destino del agua | |
| 264 |
_a[Madrid, España] : _bEdiciones Arcanas, _c[Fecha de publicación no identificada] |
||
| 300 | _a0 páginas | ||
| 650 | _aScience fiction & Fantasy | ||
| 856 | _uhttps://public.digitaliapublishing.com/a/100542 | ||
| 942 | _cCF | ||
| 999 |
_c89499 _d89499 |
||